| 000 | 00494nam a22001577a 4500 | ||
|---|---|---|---|
| 999 |
_c60917 _d60917 |
||
| 005 | 20231117161507.0 | ||
| 008 | 231117s1977 enk||||| |||| 00| 0 eng d | ||
| 041 | _aeng | ||
| 080 | _a902.2 P-74 | ||
| 100 |
_aPlesničar-Gec, Ljudmila _920425 |
||
| 245 |
_aKeramika Emonskih nekropol / _cLjudmila Plesničar-Gec. |
||
| 264 |
_aLJUBLJANA : _bMESTNI MUZEJ, _c1977. |
||
| 300 |
_a109 p. : _bill.; _c28 cm. |
||
| 653 | _aEMMONI Necrops-ის კერამიკა | ||
| 942 |
_2udc _cᲬᲘᲒᲜᲘ |
||